000
00324nam a2200133Ia 4500
005
20260328101526.0
008
260328s9999||||xx |||||||||||||| ||und||
100
_a
Crawford, J.H.
245
0
_a
Carfree Cities /
_c
J.H. Crawford
260
_b
International Books
300
_a
323 p.
650
_a
DISEÑO URBANO
942
_c
BK
999
_c
9774
_d
9774